| 000 | 01352cam a2200373 i 4500 | ||
|---|---|---|---|
| 001 | 2311 | ||
| 003 | FISKH | ||
| 005 | 20231116075647.0 | ||
| 008 | 160914s2016 nyua j 000 0ceng d | ||
| 010 | _a 2015275239 | ||
| 020 | _a9780545830270 | ||
| 020 | _a0545830273 | ||
| 035 | _a(OCoLC)ocn953168949 | ||
| 040 |
_aDUQ _cDUQ _dOCLCO _dOCLCF _dOCLCO _dDLC _erda _beng |
||
| 050 | 0 | 0 |
_aE178.3 _b.P423 2016 |
| 082 | 0 | 0 |
_a973.099 _223 |
| 100 | 1 | _aPeacock, L. A. | |
| 245 | 1 | 4 |
_aThe truth (& myths) about American heroes / _cby L.A. Peacock ; illustrated by Jon Davis. |
| 246 | 3 | _aTruth and myths about American heroes | |
| 260 |
_aNew York : _bScholastic, _c2016. |
||
| 300 |
_a96 pages : _billustrations ; _c20 cm |
||
| 490 | 0 | _aOfficial history busters | |
| 505 | _aR | ||
| 520 | _aSet the record straight about presidents, spies, generals, and all kinds of leaders who led this country to greatness. | ||
| 521 | 8 |
_a690
_bLexile |
|
| 521 | 8 |
_aR
_bRaz-Plus |
|
| 651 | 0 |
_aUnited States _vBiography _vAnecdotes _vJuvenile literature. |
|
| 651 | 7 |
_aUnited States. _2fast _0(OCoLC)fst01204155 |
|
| 655 | 7 |
_aBiography _vAnecdotes. _2fast _0(OCoLC)fst01423690 |
|
| 655 | 7 |
_aJuvenile works. _2fast _0(OCoLC)fst01411637 |
|
| 700 | 1 |
_aDavis, Jon, _d1969- _eillustrator. |
|
| 906 |
_a7 _bcbc _ccopycat _d2 _encip _f20 _gy-gencatlg |
||
| 942 |
_2ddc _cBK _n0 |
||
| 999 |
_c2311 _d2311 |
||